[Event "AUTO-INT-483"]
[Site "http://www.queenalice.com/game.php?id=221433"]
[Date "2007.6.6"]
[Round "1"]
[White "lucianoterra"]
[Black "ejosepr1"]
[Result "0-1"]
[WhiteElo "1368"]
[BlackElo "1604"]

1. a4 d5 2. h4 e5 3. e3 Nc6 4. Nf3 Be6 5. c3 Nf6 6. Bb5 Bd6 7. d4 O-O 8. h5 h6
9. dxe5 Nxe5 10. Nxe5 Bxe5 11. f4 Bd6 12. b3 Ne4 13. Bb2 c6 14. Bd3 Qb6 15. c4
Qxe3+ 16. Qe2 Qg3+ 17. Kd1 Bg4 18. Rh3 Bxe2+ 19. Bxe2 Nf2+ 20. Kc2 Nxh3 21. gxh3
Bxf4 22. Na3 Rae8 23. Rh1 Rxe2+ 24. Kb1 Qg2 25. Rd1 Rxb2+ 26. Ka1 Ra2+ 27. Kb1
Qb2# 0-1

[Event "AUTO-INT-483"]
[Site "http://www.queenalice.com/game.php?id=221434"]
[Date "2007.6.6"]
[Round "1"]
[White "ejosepr1"]
[Black "lucianoterra"]
[Result "1-0"]
[WhiteElo "1627"]
[BlackElo "1382"]

1. d4 a5 2. e4 e6 3. Bd3 Qf6 4. Nf3 h6 5. Nc3 b6 6. Be3 Bb4 7. a3 Bxc3+ 8. bxc3
d6 9. O-O Bb7 10. c4 Nd7 11. Rb1 g5 12. c5 dxc5 13. dxc5 Bc8 14. cxb6 cxb6 15.
Bxb6 Ne7 16. Bd4 e5 17. Bc3 g4 18. Nd2 Bb7 19. Rxb7 Nc5 20. Bb5+ Kf8 21. Nc4
Nxb7 22. Bxe5 Qg5 23. Bxh8 Qxb5 24. Qd4 Ke8 25. a4 Qxa4 26. Nd6+ Nxd6 27. Qxa4+
Kd8 28. Bf6 Rc8 29. Rd1 Rc4 30. Rxd6+ Kc7 31. Qd7+ Kb8 32. Rb6+ 1-0

[Event "AUTO-INT-483"]
[Site "http://www.queenalice.com/game.php?id=221447"]
[Date "2007.6.6"]
[Round "1"]
[White "stonehengedog"]
[Black "ejosepr1"]
[Result "0-1"]
[WhiteElo "1507"]
[BlackElo "1570"]

1. d4 e6 2. c4 d5 3. Nc3 Bb4 4. Qc2 c5 5. cxd5 exd5 6. Bd2 Nf6 7. dxc5 Bxc5 8.
e3 Nc6 9. O-O-O Be6 10. Nf3 a6 11. Be2 O-O 12. Rhe1 b5 13. a3 b4 14. axb4 Nxb4
15. Qa4 Qb6 16. Ne5 Ne4 17. Nxe4 dxe4 18. Bxb4 Bxb4 19. Rf1 Rfc8+ 20. Kb1 Bc3
0-1

[Event "AUTO-INT-483"]
[Site "http://www.queenalice.com/game.php?id=221448"]
[Date "2007.6.6"]
[Round "1"]
[White "ejosepr1"]
[Black "stonehengedog"]
[Result "1/2-1/2"]
[WhiteElo "1583"]
[BlackElo "1496"]

1. d4 Nf6 2. Nd2 d5 3. e3 g6 4. Bd3 Bg7 5. Ngf3 O-O 6. O-O Bg4 7. c4 c6 8. h3
Bxf3 9. Qxf3 Nbd7 10. Re1 e5 11. e4 dxe4 12. Nxe4 Nxe4 13. Bxe4 exd4 14. b3 Ne5
15. Qg3 f5 16. Bf3 Nxf3+ 17. Qxf3 Re8 18. Bf4 d3 19. Rad1 Rxe1+ 20. Rxe1 d2 21.
Rd1 Qe7 22. Bxd2 Rd8 23. Be3 a6 24. Rxd8+ Qxd8 1/2-1/2

[Event "AUTO-INT-483"]
[Site "http://www.queenalice.com/game.php?id=221455"]
[Date "2007.6.6"]
[Round "1"]
[White "ycalen"]
[Black "ejosepr1"]
[Result "0-1"]
[WhiteElo "1774"]
[BlackElo "1633"]

1. e4 e6 2. d4 d5 3. e5 c5 4. c3 Bd7 5. Qc2 Nc6 6. Bd3 Nge7 7. Nf3 Qc7 8. O-O h6
9. Qe2 cxd4 10. cxd4 Ng6 11. Nc3 a6 12. Na4 Be7 13. Bxg6 fxg6 14. Qd3 O-O-O 15.
Qxg6 Kb8 16. Qd3 g5 17. a3 g4 18. Ne1 h5 19. b4 Nxe5 20. Qb3 Bb5 21. dxe5 Bxf1
22. Kxf1 h4 23. Nd3 g3 24. h3 gxf2 25. Be3 Rdf8 26. b5 Bd8 27. bxa6 Qg7 28. a7+
Ka8 29. Qc3 Bc7 30. Nac5 Rhg8 31. Ke2 Qxg2 32. Nxf2 Rg3 33. Qe1 Qf3+ 34. Kd2
Ba5+ 35. Kd3 Bxe1 36. Rxe1 Qxf2 37. Re2 Qf4 38. Nxe6 Qc4+ 39. Kd2 Rf1 40. Nd4
Qc1+ 41. Kd3 Rd1+ 0-1

[Event "AUTO-INT-483"]
[Site "http://www.queenalice.com/game.php?id=221456"]
[Date "2007.6.6"]
[Round "1"]
[White "ejosepr1"]
[Black "ycalen"]
[Result "1-0"]
[WhiteElo "1580"]
[BlackElo "1786"]

1. d4 Nf6 2. Nf3 d5 3. e3 g6 4. Bd3 e6 5. Nbd2 Bg7 6. O-O O-O 7. c4 b6 8. Ne5
Bb7 9. f4 Nh5 10. Ndf3 Nc6 11. a3 Nxe5 12. Nxe5 Bxe5 13. dxe5 dxc4 14. Bxc4 Qh4
15. Qe2 Be4 16. Bd2 Bf5 17. Be1 Qg4 18. Qxg4 Bxg4 19. h3 Bxh3 20. gxh3 Kh8 21.
Bf2 Rg8 22. Kh2 Rad8 23. Rad1 Rdf8 24. Rd7 g5 25. fxg5 Rxg5 26. Bh4 Rxe5 27. Be2
Nf4 28. Rxf4 Rxe3 29. Bf6+ Kg8 30. Rg4# 1-0

[Event "AUTO-OPEN-836"]
[Site "http://www.queenalice.com/game.php?id=274703"]
[Date "2007.9.20"]
[Round "1"]
[White "nathanielfast"]
[Black "ejosepr1"]
[Result "1-0"]
[WhiteElo "2119"]
[BlackElo "1638"]

1. d4 e6 2. e4 d5 3. Nc3 Bb4 4. e5 c5 5. Bd2 cxd4 6. Nb5 Bxd2+ 7. Qxd2 Nc6 8. f4
Qb6 9. Nf3 Nh6 10. Nd6+ Kd7 11. O-O-O Nf5 12. Nxf5 exf5 13. Bd3 Kc7 14. Ng5 Be6
15. Rhg1 Rac8 16. g4 g6 17. gxf5 gxf5 18. Nf3 h6 19. Qe2 Kb8 20. Kb1 Na5 21. Rg7
Nc4 22. Bxc4 dxc4 23. Nxd4 c3 24. Nb3 cxb2 25. Rg3 Rc6 26. Kxb2 Rhc8 27. Rd2 a5
28. Ka1 Qb4 29. Qd1 Qxf4 30. Re2 Qb4 31. Qd4 Rxc2 32. Rxc2 Rxc2 33. Rg8+ Rc8 34.
Rxc8+ Kxc8 35. Qe3 h5 36. Nc5 Qc4 37. Nxe6 fxe6 38. Kb2 Qb4+ 39. Kc1 b6 40. Qg3
Qg4 41. Qf2 Qc4+ 42. Kd1 Qd5+ 43. Ke1 Qxe5+ 44. Kf1 Qb5+ 45. Kg2 Kd7 46. Kh3 Qb4
47. Kg2 Qc5 48. Qb2 e5 49. Qb3 Ke7 50. Qg8 Qc2+ 51. Kg3 f4+ 52. Kf3 Qd3+ 53. Kf2
Qe3+ 54. Kf1 Qh3+ 55. Ke1 Qxh2 56. Qg7+ Ke6 57. Qg6+ Kd5 58. Qd3+ Kc6 59. Qc4+
Kd6 60. Qd3+ Ke7 61. Qh7+ Kf6 62. Qh6+ Kf5 63. Qh7+ Kg5 64. Qg7+ Kh4 65. Qxe5
1-0

[Event "AUTO-OPEN-836"]
[Site "http://www.queenalice.com/game.php?id=274704"]
[Date "2007.9.20"]
[Round "1"]
[White "ejosepr1"]
[Black "nathanielfast"]
[Result "0-1"]
[WhiteElo "1636"]
[BlackElo "2120"]

1. d4 Nf6 2. c4 Nc6 3. Nc3 e6 4. Bd2 Nxd4 5. e3 Nc6 6. Nf3 Be7 7. Be2 O-O 8. O-O
b6 9. a3 Bb7 10. b4 d6 11. Bd3 Ng4 12. Qc2 g6 13. h3 Nge5 14. Nxe5 Nxe5 15. Be2
Bf6 16. Nb5 Bg7 17. Rad1 Qe7 18. f4 Nc6 19. Bf3 Nd8 20. Bxb7 Nxb7 21. Bc3 Bxc3
22. Qxc3 a5 23. e4 axb4 24. axb4 c5 25. bxc5 bxc5 26. Ra1 Qd7 27. Rxa8 Rxa8 28.
Ra1 Rxa1+ 29. Qxa1 Qc6 30. Nc3 Qb6 31. Qb1 Qa6 32. Nb5 Qa4 33. Qd3 Qa6 34. Kf2
Kf8 35. g4 Ke7 36. g5 Qa2+ 37. Kg3 Qa1 38. h4 Qg1+ 39. Kh3 Qf2 40. e5 dxe5 41.
fxe5 Qf5+ 42. Qxf5 exf5 43. Nc7 Na5 44. Na6 Nxc4 45. Nxc5 Nxe5 46. Kg3 f6 47.
Nb3 fxg5 48. hxg5 Kf7 49. Nd2 Kg7 50. Nf1 h6 51. gxh6+ Kxh6 52. Ne3 Kg5 53. Nd5
Nd3 54. Ne7 Kh6 55. Kf3 Kg7 56. Nd5 g5 57. Ke3 Nc5 58. Kf3 Ne6 0-1

[Event "AUTO-OPEN-836"]
[Site "http://www.queenalice.com/game.php?id=274727"]
[Date "2007.9.20"]
[Round "1"]
[White "ejosepr1"]
[Black "kynyo"]
[Result "0-1"]
[WhiteElo "1516"]
[BlackElo "1446"]

1. d4 d5 2. e3 a6 3. Nf3 Nc6 4. c3 e6 5. Bd3 Nf6 6. Nbd2 Bd6 7. O-O O-O 8. Re1
e5 9. e4 dxe4 10. Nxe4 Nxe4 11. Bxe4 Bg4 12. Qd3 h6 13. Be3 Rb8 14. dxe5 Nxe5
15. Nxe5 Bxe5 16. Qxd8 Rfxd8 17. f3 Be6 18. a3 a5 19. Rad1 Bd6 20. h3 b5 21. Ba7
b4 22. Bxb8 Rxb8 23. axb4 axb4 24. cxb4 Rxb4 25. Ra1 Rxb2 26. Ra8+ Bf8 27. Rc1
g6 28. Rxc7 Kg7 29. Ra1 h5 30. Rac1 Ba3 31. Rb1 Rd2 32. Rc2 Rd4 33. Ra1 Bd6 34.
Kf2 Bf4 35. Rb1 g5 36. Ke2 g4 37. hxg4 hxg4 0-1

[Event "AUTO-OPEN-836"]
[Site "http://www.queenalice.com/game.php?id=274728"]
[Date "2007.9.20"]
[Round "1"]
[White "kynyo"]
[Black "ejosepr1"]
[Result "0-1"]
[WhiteElo "1613"]
[BlackElo "1611"]

1. d4 e6 2. e4 d5 3. e5 c5 4. Nf3 Nc6 5. Bb5 Bd7 6. O-O Qb6 7. Bxc6 Bxc6 8. b3
cxd4 9. Nxd4 Bc5 10. Be3 Ne7 11. a3 Nf5 12. Nxf5 exf5 13. Bxc5 Qxc5 14. Re1 O-O
15. c3 Rad8 16. e6 fxe6 17. Rxe6 d4 18. Qe1 Qd5 19. f3 d3 20. Nd2 Rfe8 21. Re7
Qc5+ 0-1

[Event "AUTO-OPEN-836"]
[Site "http://www.queenalice.com/game.php?id=274729"]
[Date "2007.9.20"]
[Round "1"]
[White "ejosepr1"]
[Black "wonderknight"]
[Result "1-0"]
[WhiteElo "1657"]
[BlackElo "1401"]

1. d4 Nf6 2. e3 d5 3. Nf3 b6 4. Bd3 Bb7 5. O-O e6 6. Nbd2 c5 7. c3 c4 8. Bc2
Nbd7 9. Re1 Bd6 10. e4 e5 11. exd5 Bxd5 12. dxe5 Bxe5 13. Nxe5 O-O 14. Ndf3 Nxe5
15. Nxe5 Re8 16. Bg5 Be6 17. Qf3 Qd5 18. Rad1 Qb5 19. Bxf6 gxf6 20. Qxf6 Qxb2
21. Be4 Rac8 22. Qh6 Qxc3 23. Qxh7+ Kf8 24. Qh8+ Ke7 25. Nc6+ Rxc6 26. Qxc3 1-0

[Event "AUTO-OPEN-836"]
[Site "http://www.queenalice.com/game.php?id=274730"]
[Date "2007.9.20"]
[Round "1"]
[White "wonderknight"]
[Black "ejosepr1"]
[Result "1-0"]
[WhiteElo "1402"]
[BlackElo "1634"]

1. e4 e6 2. d4 d5 3. e5 c5 4. c3 Nc6 5. Nf3 Qb6 6. Be2 Bd7 7. Na3 cxd4 8. Nxd4
Nxd4 9. cxd4 Bb4+ 10. Bd2 Qxd4 11. Nb5 Bxd2+ 12. Qxd2 Qxe5 13. Rc1 Bc6 14. Qa5
Rd8 15. Nc7+ Ke7 16. Rxc6 bxc6 17. Qxa7 Rd7 18. Qa3+ Qd6 19. Qxd6+ Kxd6 20. Na6
Nf6 21. Kd2 Ne4+ 22. Ke3 f5 23. f3 Nf6 24. Rc1 g5 25. Nb4 Rb8 26. Rxc6+ Ke7 27.
a3 h5 28. Kd3 Rbb7 29. Kd4 Rdc7 30. Rxc7+ 1-0

[Event "Challenge"]
[Site "http://www.queenalice.com/game.php?id=289809"]
[Date "2007.10.20"]
[Round "-"]
[White "ejosepr1"]
[Black "Elvillamizar"]
[Result "1-0"]
[WhiteElo "1655"]
[BlackElo "1164"]

1. d4 d5 2. e3 Nf6 3. Nf3 Nc6 4. c3 e6 5. Bd3 Bd6 6. O-O O-O 7. Nbd2 a6 8. Re1
Re8 9. e4 dxe4 10. Nxe4 Nxe4 11. Bxe4 Bd7 12. Ng5 1-0

[Event "AUTO-INT-483"]
[Site "http://www.queenalice.com/game.php?id=301817"]
[Date "2007.11.10"]
[Round "2"]
[White "alexnu"]
[Black "ejosepr1"]
[Result "1-0"]
[WhiteElo "1980"]
[BlackElo "1607"]

1. e4 e6 2. e5 d5 3. Nf3 c5 4. c3 Nc6 5. d3 Nge7 6. Bg5 Qb6 7. Qb3 Ng6 8. d4 Bd7
9. Qxb6 axb6 10. Bb5 cxd4 11. Bxc6 bxc6 12. cxd4 Bb4+ 13. Nc3 1-0

[Event "AUTO-INT-483"]
[Site "http://www.queenalice.com/game.php?id=301818"]
[Date "2007.11.10"]
[Round "2"]
[White "ejosepr1"]
[Black "alexnu"]
[Result "0-1"]
[WhiteElo "1609"]
[BlackElo "1978"]

1. d4 d5 2. Nf3 Nc6 3. e3 Bg4 4. Be2 e6 5. c3 Nf6 6. Nbd2 a6 7. O-O Bd6 8. h3
Bh5 9. Re1 h6 10. Nf1 Ne4 11. N1h2 O-O 12. Nd2 Bxh2+ 0-1

[Event "AUTO-INT-483"]
[Site "http://www.queenalice.com/game.php?id=301821"]
[Date "2007.11.10"]
[Round "2"]
[White "ejosepr1"]
[Black "jmsteinfeld"]
[Result "0-1"]
[WhiteElo "1663"]
[BlackElo "1744"]

1. d4 d5 2. Nf3 g6 3. e3 Bg7 4. Bd3 Bg4 5. c3 Bxf3 6. Qxf3 e6 7. Nd2 Qf6 8. O-O
Qxf3 9. Nxf3 Nc6 10. Bd2 Nf6 11. c4 dxc4 12. Bxc4 O-O 13. Bd3 a6 14. Bc3 Nd5 15.
Bd2 e5 16. dxe5 Nxe5 17. Nxe5 Bxe5 18. Rab1 Rad8 19. Rfd1 Nb6 20. Be2 Na4 0-1

[Event "AUTO-INT-483"]
[Site "http://www.queenalice.com/game.php?id=301822"]
[Date "2007.11.10"]
[Round "2"]
[White "jmsteinfeld"]
[Black "ejosepr1"]
[Result "1-0"]
[WhiteElo "1757"]
[BlackElo "1650"]

1. e4 e6 2. d4 d5 3. e5 c5 4. Nf3 Nc6 5. c3 Qb6 6. dxc5 Bxc5 7. Be3 Bxe3 8. fxe3
Qxe3+ 9. Qe2 Qxe2+ 10. Bxe2 Nge7 11. Nbd2 Ng6 12. O-O-O Ngxe5 13. Nxe5 Nxe5 14.
Nf3 Nxf3 15. Bxf3 O-O 16. g4 b5 17. h4 a5 18. g5 b4 19. cxb4 axb4 20. Kb1 Bd7
21. Rd4 1-0